Régi szép karácsonyok!

Bibliographic Details
Main Author: Mács, József, 1931-2017 (Author)
Format: Article
Language:Hungarian
Subjects:

MARC

LEADER 00000nab a2200000 a 4500
001 vtls000570005
003 SK-MaSNL
005 20260303013608.0
008 160202c1995 xo 0 hun
015 |a SNBRB19rr/mm-uuuuu 
035 |a CL0570143 
040 |a SNKBUCL  |b slo  |c SNKBUCL  |e AACR2 
041 0 |a hun 
044 |a xo  |c SK 
080 |a 894.511 (437.6)-9=945.11  |2 1981 
100 1 |a Mács, József,  |d 1931-2017  |4 aut  |9 193257 
245 1 0 |a Régi szép karácsonyok!  |c József Mács 
650 0 7 |a črty spomienkové  |2 snkbucl  |9 883212 
655 7 |a články z novín a časopisov  |2 snkbucl  |9 267496 
655 7 |a články z odboru literárna veda a krásna literatúra  |2 snkbucl  |9 770045 
773 0 |t Új szó  |g Roč. 48, č. 297 (23. 12. 1995), s. 7 
850 |a Slovenská národná knižnica v Martine  |a DSG001 
852 |a SNK  |b KIS3GCP 
958 |a RK 
958 |a HU 
958 |a LX 
958 |a SK 
992 |a RBX 
999 |c 1603486  |d 1605416